000 00534nam a22001817a 4500
005 20231124132536.0
008 231124b |||||||| |||| 00| 0 eng d
020 _a0702163619
041 _aEnglish
082 _a340.5 BEN
100 _aBennett, TW
_lEnglish
245 _aCustomary Law in South Africa /
_cTW Bennett
250 _aFirst Edition
260 _aCape Town :
_bJuta and Company Ltd,
_c2004
300 _blv, 462 pages ;
_c26 cm.
650 _aLegal practice
_bLaw
942 _cBK
_6ALISON_BN_VRIES
999 _c951
_d951